Movies Quiz

Random Movies Quiz
Score 0/34 Timer 06:00
0 Plays Today
Movie (Year) Star % Correct
Liar Liar (1997)Jim Carrey
85.6%
Jaws (1975)Roy Scheider
43.1%
Hud (1963)Paul Newman
38.3%
The Freshman (1990)Marlon Brando
34%
Mildred Pierce (1945)Joan Crawford
32.1%
Female on the Beach (1955)Joan Crawford
32.1%
Legend (1985)Tom Cruise
31.6%
The Freshman (1990)Matthew Broderick
31.6%
Jaws (1975)Robert Shaw
29.2%
One Night at McCool's (2001)Matt Dillon
27.3%
The Specialist (1994)Sylvester Stallone
26.3%
The Specialist (1994)Sharon Stone
25.4%
One Night at McCool's (2001)Michael Douglas
19.6%
Hud (1963)Patricia Neal
17.7%
Legend (1985)Tim Curry
13.4%
Pillow Talk (1959)Tony Randall
12.9%
Safe Passage (1994)Susan Sarandon
12.4%
Movie (Year) Star % Correct
Artists and Models (1955)Dean Martin
8.1%
Forty Guns (1957)Barbara Stanwyck
6.7%
Desperate Hours (1990)Mickey Rourke
6.2%
Pillow Talk (1959)Thelma Ritter
5.7%
Safe Passage (1994)Sam Shepard
5.3%
Gold (1974)Roger Moore
4.8%
My Sister Eileen (1955)Janet Leigh
4.3%
The Citadel (1938)Rosalind Russell
3.8%
Mildred Pierce (1945)Jack Carson
3.8%
My Sister Eileen (1955)Jack Lemmon
3.8%
Liar Liar (1997)Justin Cooper
3.3%
The Citadel (1938)Ralph Richardson
2.9%
Desperate Hours (1990)Mimi Rogers
2.9%
Female on the Beach (1955)Jeff Chandler
2.4%
Artists and Models (1955)Dorothy Malone
1.9%
Forty Guns (1957)Barry Sullivan
1.9%
Gold (1974)Ray Milland
1.9%
Remove Ads.
Support Sporcle.
Get the best of Sporcle when you Go Orange. This ad-free experience offers more features, more stats, and more fun while also helping to support Sporcle. Thank you for becoming a member.

You're not logged in!

Compare scores with friends on all Sporcle quizzes.
OR
Log In

Show Comments

Extras

Created Oct 8, 2009ReportNominate
Tags:Another, Co-starred, initial, same, star

Top Quizzes Today


Score Distribution

Your Account Isn't Verified!

In order to create a playlist on Sporcle, you need to verify the email address you used during registration. Go to your Sporcle Settings to finish the process.

Report this User

Report this user for behavior that violates our Community Guidelines.

Details: